|
|
|
|
| LEADER |
00000nam0a2200000 4500 |
| 001 |
199771 |
| 005 |
20231031184429.0 |
| 010 |
|
|
|a 5247015274
|
| 020 |
|
|
|a RU
|b 90-68265
|
| 035 |
|
|
|a (RuTPU)RU\TPU\book\217809
|
| 090 |
|
|
|a 199771
|
| 100 |
|
|
|a 20110824d1990 m a0rusy5003 ca
|
| 101 |
0 |
|
|a rus
|
| 102 |
|
|
|a RU
|
| 105 |
|
|
|a a j 001zy
|
| 200 |
1 |
|
|a Технология строительства горных предприятий
|e специальные способы строительства
|f И. Д. Насонов, М. Н. Шуплик, В. И. Ресин
|
| 210 |
|
|
|a Москва
|c Недра
|d 1990
|
| 215 |
|
|
|a 351 с.
|c ил.
|d 22 см
|
| 225 |
1 |
|
|a Высшее образование
|
| 320 |
|
|
|a Библиогр.: с. 347-348. (27 назв.)
|
| 610 |
1 |
|
|a горная промышленность
|
| 610 |
1 |
|
|a горные предприятия
|
| 610 |
1 |
|
|a постройка
|
| 610 |
1 |
|
|a строительство
|
| 610 |
1 |
|
|a горные выработки
|
| 610 |
1 |
|
|a водопонижение
|
| 610 |
1 |
|
|a сжатый воздух
|
| 610 |
1 |
|
|a горные породы
|
| 610 |
1 |
|
|a стволы
|
| 610 |
1 |
|
|a строительство
|
| 675 |
|
|
|a 622.012:69(075.8)
|z rus
|
| 700 |
|
1 |
|a Насонов
|b И. Д.
|g Илья Дмитриевич
|4 070
|
| 701 |
|
1 |
|a Шуплик
|b М. Н.
|g Михаил Николаевич
|
| 701 |
|
1 |
|a Ресин
|b В. И.
|g Владимир Иосифович
|
| 801 |
|
0 |
|a RU
|b RuMRKP
|c 19950417
|g psbo
|
| 801 |
|
1 |
|a RU
|b 63413507
|c 20110824
|
| 801 |
|
2 |
|a RU
|b 63413507
|c 20191124
|g RCR
|
| 942 |
|
|
|c BK
|